Mi prima es una bruja
I tiakina i:
| Kaituhi matua: | |
|---|---|
| Hōputu: | Pukapuka |
| Reo: | Pāniora |
| I whakaputaina: |
Buenos Aires
Sigmar
1990
|
| Rangatū: | Colección los días de Nicolás
|
| Ngā marau: | |
| Ngā Tūtohu: |
Tāpirihia he Tūtohu
Kāore He Tūtohu, Me noho koe te mea tuatahi ki te tūtohu i tēnei pūkete!
|
MARC
| LEADER | 00000nam a2200000 a 4500 | ||
|---|---|---|---|
| 001 | UCW5551 | ||
| 003 | CL-VaPUC | ||
| 008 | 910605e19900000AG |||||||||||||||||spa|d | ||
| 082 | 0 | 4 | |a 843 |b CHE |2 21 |
| 100 | 0 | |a Cheneau, Veronique |e author |9 310563 | |
| 245 | 1 | 0 | |a Mi prima es una bruja |
| 300 | |a 16 p | ||
| 942 | |c BK | ||
| 945 | |d 19910605 00:00:00 | ||
| 260 | |a Buenos Aires |b Sigmar |c 1990 | ||
| 650 | 0 | |a Cuentos infantiles |9 308044 | |
| 650 | 0 | |a Literatura infantil |9 307465 | |
| 583 | |a last modification |c 19910605 00:00:00 |k Rodrigo Vera | ||
| 490 | 0 | |a Colección los días de Nicolás | |
| 999 | |c 218955 |d 218953 | ||
| 952 | |0 0 |1 0 |4 0 |6 843_000000000000000_CHE_1990 |7 0 |8 A |9 209336 |a BIBEDU |b BIBEDU |d 2019-11-15 |i 2771640 |o 843 CHE 1990 |p 2771640 |r 2019-11-15 |w 2019-11-15 |y BK |k EDU | ||